000 00539nam a22002057a 4500
003 koha_MIRAKIL
005 20231213095556.0
008 231213b |||||||| |||| 00| 0 ||| d
020 _b978-9-75363782-4
040 _aTR-IsEVY
_btur
_cTR-IsEVY
082 _a823.914 NOR/A
100 _aNorman, Roger.
245 0 _aAlbion'un rüyası
250 _a6. bs.
260 _bYapı Kredi Yayınları,
_c2010
300 _a199 s.
650 _aEnglish literature -- Fiction.
650 _aİngiliz edebiyatı -- Roman.
942 _2ddc
_cBK
999 _c5920
_d5920